01923cam a22005174i 4500003000900000005001700009008004100026020001500067020001800082035002000100040003300120082001300153100002900166245012600195264004600321300005500367336002100422337002500443338002300468504003600491505060900527526001001136526001001146526001001156526001001166526001001176526000901186526000901195526000901204526000901213526000901222526000901231526000901240526000901249526000901258526000901267526000801276526000801284526000801292526000801300526000801308526000801316541001901324541001801343650004401361PE-LiUPU20250731170425.0190123s2016 mx a r 000 0 spa d a9875914576 a9789875914575 a(Sirsi) a251432 aPE-LiUPUbspacPE-LiUPUerda04a150bN161 aNahoul, Vanessa,eautor.10aTécnica de Entrevista con Adolecencia:bIntegrando modelos Psicológicos /cVanessa Nahoul, José González Nuñez. 1aBuenos Aires, Argentina :bBrujas,c2016. a201 páginas :bilustraciones ;c24 centímetros atext2rdacontent aunmediated2rdamedia avolume2rdacarrier aBibliografía : páginas 195.0 aLa adolescencia -- La refencia del adolecente a la Primera -- La primera Entrevista Psicológica -- El encuadre y el contrato -- La estructura de la Entrevista -- La Entrevista Clínica de diagnóstico -- Técnicas no Verbales para entrevistar Adolecentes -- Técnicas no directivas en la entrevista -- Técnicas Directivas en la Entrevista -- Modelo de Entrevista con Base en la identificación -- El acompañamiento como Técnica para Entrevistar al adolecente -- La Ética en la Entrevista Psicológica con Adolecentes -- La Comunicación Subjetiva Entrevistador- Adolescente Entrevistado. aSEG68 aSEG70 aSEG69 aSEG67 aSEG43 aP144 aP143 aP131 aP122 aP120 aP117 aP112 aP110 aP106 aP101 aP80 aP59 aP54 aP35 aP33 aP30 gF002-00000832; g002-00001573;04aPsicología Entrevistas a adolecentes.